Sports Quiz

Random Sports or MLB Quiz
Score 0/30 Timer 04:00
0 Plays Today
Series Team % Correct
World SeriesBoston Red Sox
98.7%
World SeriesSt. Louis Cardinals
97.1%
ALCSDetroit Tigers
94.1%
ALDSOakland Athletics
92%
World SeriesSan Francisco Giants
91.6%
NLCSLos Angeles Dodgers
91.2%
ALDSTampa Bay Rays
90.3%
ALDSNew York Yankees
89.5%
NLDSPittsburgh Pirates
86.6%
NLDSAtlanta Braves
86.1%
World SeriesTexas Rangers
84.5%
ALDSBaltimore Orioles
81.9%
NLDSWashington Nationals
80.7%
World SeriesFlorida Marlins
76.5%
World SeriesKansas City Royals
75.6%
Series Team % Correct
NLDSCincinnati Reds
74.8%
World SeriesToronto Blue Jays
74.8%
NLCSMilwaukee Brewers
73.5%
NLDSPhiladelphia Phillies
72.7%
ALCSLos Angeles Angels of Anaheim
69.3%
NLDSArizona Diamondbacks
68.5%
NLCSHouston Astros
66.4%
NLCSChicago Cubs
66.4%
NLCSNew York Mets
66%
NLDSColorado Rockies
65.5%
ALCSSeattle Mariners
64.7%
ALCSCleveland Indians
64.3%
ALDSChicago White Sox
62.6%
ALDSMinnesota Twins
61.8%
NLDSSan Diego Padres
61.3%
Remove Ads.
Support Sporcle.
Get the best of Sporcle when you Go Orange. This ad-free experience offers more features, more stats, and more fun while also helping to support Sporcle. Thank you for becoming a member.

You're not logged in!

Compare scores with friends on all Sporcle quizzes.
OR
Log In

Show Comments

Extras

Top Quizzes Today


Score Distribution

Your Account Isn't Verified!

In order to create a playlist on Sporcle, you need to verify the email address you used during registration. Go to your Sporcle Settings to finish the process.

Report this User

Report this user for behavior that violates our Community Guidelines.

Details: